[Event "North Carolina Inv"]
[Site "Chapel Hill"]
[Date "2013.03.24"]
[Round "5"]
[White "Simpson, Ronald"]
[Black "Timmel, John D"]
[Result "1-0"]
[WhiteElo "2263"]
[BlackElo "2087"]
[PlyCount "131"]
[EventDate "2013.03.23"]
[EventType "tourn"]
[EventRounds "5"]
[EventCountry "USA"]
[SourceTitle "CBM 153 Extra"]
[Source "ChessBase"]
[SourceDate "2013.04.22"]
[SourceVersion "1"]
[SourceVersionDate "2013.04.22"]
[SourceQuality "1"]

1. Nf3 c5 2. c4 Nf6 3. g3 g6 4. Bg2 Bg7 5. 0-0 0-0 6. d4 cxd4 7. Nxd4 Nc6 8. Nc3 Rb8 9. Bf4 Ra8 10. Nc2 d6 11. Qd2 Be6 12. b3 Qa5 13. Rac1 Nh5 14. b4 Bxc3 15. Qxc3 Nxf4 16. gxf4 Qf5 17. b5 Nd8 18. e3 Rc8 19. Nd4 Qf6 20. Nxe6 fxe6 21. Qa5 Rc5 22. Qxa7 Rh5 23. Qd4 Qh4 24. h3 Kf7 25. Rc3 g5 26. fxg5 Qxg5 27. Qf4+ Qxf4 28. exf4 Ke8 29. a4 b6 30. a5 bxa5 31. Ra1 Rxf4 32. Rxa5 Rc5 33. Rg3 Rc8 34. Bf1 Nb7 35. Ra7 Rb8 36. Bd3 Kd7 37. Rg7 h5 38. Kg2 e5 39. f3 Ke6 40. Be4 Kf6 41. Rh7 Rg8+ 42. Kf1 Nc5 43. Bd5 e6 44. Rhf7+ Kg5 45. Rxf4 Kxf4 46. Bc6 Rg3 47. b6 d5 48. Rf7+ Ke3 49. Ra7 Rxf3+ 50. Kg1 Kd4 51. b7 Rb3 52. Bb5 Nxb7 53. Rxb7 Rxh3 54. Rd7 Rg3+ 55. Kf2 Rg5 56. Rc7 e4 57. c5 e3+ 58. Kf1 h4 59. c6 h3 60. Rh7 Kc3 61. c7 Rg8 62. Ke2 d4 63. Ba6 Rg2+ 64. Kf3 Rf2+ 65. Ke4 Rf8 66. Rxh3 1-0

[Event "North Carolina Inv"]
[Site "Chapel Hill"]
[Date "2013.03.23"]
[Round "3"]
[White "Shamilov, Eduard"]
[Black "Simpson, Ronald"]
[Result "0-1"]
[WhiteElo "2187"]
[BlackElo "2263"]
[PlyCount "82"]
[EventDate "2013.03.23"]
[EventType "tourn"]
[EventRounds "5"]
[EventCountry "USA"]
[SourceTitle "CBM 153 Extra"]
[Source "ChessBase"]
[SourceDate "2013.04.22"]
[SourceVersion "1"]
[SourceVersionDate "2013.04.22"]
[SourceQuality "1"]

1. e4 c5 2. Nf3 d6 3. d4 cxd4 4. Nxd4 Nf6 5. Nc3 g6 6. Be3 Bg7 7. f3 Nc6 8. Qd2 0-0 9. Bc4 Bd7 10. 0-0-0 Rb8 11. Bb3 a5 12. Ndb5 Rc8 13. Qf2 Be6 14. Nd5 Nb4 15. a4 Nfxd5 16. exd5 Bf5 17. Rd2 Nd3+ 18. Rxd3 Bxd3 19. Na7 Rc7 20. Bb6 Qd7 21. Qd2 Bc4 22. Qxa5 Bxb3 23. Bxc7 Bxd5 24. Qxd5 Qxc7 25. Nb5 Qa5 26. b3 Qb6 27. Rd1 Rc8 28. Kb1 Qf2 29. Na3 Rc6 30. Qd2 Qh4 31. Nb5 Qxh2 32. Qa5 Qxg2 33. Qa8+ Bf8 34. Rc1 h5 35. Qxb7 Rc5 36. b4 Re5 37. a5 Qd2 38. Na3 Bh6 39. Rf1 Qc3 40. f4 Re3 41. f5 Bg7 0-1

[Event "North Carolina Inv"]
[Site "Chapel Hill"]
[Date "2013.03.23"]
[Round "1"]
[White "Simpson, Ronald"]
[Black "Ardaman, Miles"]
[Result "0-1"]
[WhiteElo "2263"]
[BlackElo "2283"]
[PlyCount "50"]
[EventDate "2013.03.23"]
[EventType "tourn"]
[EventRounds "5"]
[EventCountry "USA"]
[SourceTitle "CBM 153 Extra"]
[Source "ChessBase"]
[SourceDate "2013.04.22"]
[SourceVersion "1"]
[SourceVersionDate "2013.04.22"]
[SourceQuality "1"]

1. e4 Nc6 2. d4 d5 3. Bb5 dxe4 4. Nc3 Nf6 5. Bg5 Bg4 6. Qd2 a6 7. Bxc6+ bxc6 8. h3 Bf5 9. 0-0-0 Nd5 10. Nge2 h6 11. Bf4 e6 12. a3 Be7 13. Kb1 Rb8 14. Ka1 Bh7 15. Ng3 g5 16. Be5 f6 17. Ncxe4 0-0 18. h4 fxe5 19. dxe5 Rf4 20. c4 Qf8 21. cxd5 cxd5 22. Nf6+ Rxf6 23. exf6 Bxf6 24. Qe3 Rxb2 25. Nh5 Rd2+ 0-1

[Event "USA tt"]
[Site "ICC INT"]
[Date "2012.10.24"]
[Round "8"]
[White "Sinanan, Joshua C"]
[Black "Simpson, Ronald"]
[Result "0-1"]
[WhiteElo "2227"]
[BlackElo "2267"]
[PlyCount "58"]
[EventDate "2012.09.04"]
[EventType "team-tourn"]
[EventRounds "10"]
[EventCountry "USA"]
[SourceTitle "EXT 2013"]
[Source "ChessBase"]
[SourceDate "2012.11.22"]
[SourceVersion "1"]
[SourceVersionDate "2012.11.22"]
[SourceQuality "1"]
[WhiteTeam "Seattle"]
[BlackTeam "Carolina"]
[WhiteTeamCountry "USA"]
[BlackTeamCountry "USA"]

1. d4 Nf6 2. c4 e6 3. g3 d5 4. Nf3 Be7 5. Bg2 0-0 6. 0-0 b6 7. cxd5 Nxd5 8. e4 Nf6 9. Nc3 Bb7 10. Qc2 h6 11. Rd1 c6 12. Bf4 Nbd7 13. Rac1 Rc8 14. a3 Ne8 15. b4 a5 16. Qb2 axb4 17. axb4 Bd6 18. Bxd6 Nxd6 19. Ne5 Qe7 20. f4 Rfd8 21. Na4 Nxe5 22. fxe5 Nc4 23. Qb3 Ra8 24. b5 cxb5 25. Qxb5 Ne3 26. Nxb6 Ra2 27. Bf3 Nxd1 28. Rxd1 Qa3 29. Qd3 Qb2 0-1

[Event "USA tt"]
[Site "ICC INT"]
[Date "2012.10.09"]
[Round "6"]
[White "Yedidia, Jonathan"]
[Black "Simpson, Ronald"]
[Result "1/2-1/2"]
[WhiteElo "2391"]
[BlackElo "2267"]
[PlyCount "112"]
[EventDate "2012.09.04"]
[EventType "team-tourn"]
[EventRounds "10"]
[EventCountry "USA"]
[SourceTitle "CBM 150 Extra"]
[Source "ChessBase"]
[SourceDate "2012.10.19"]
[SourceVersion "1"]
[SourceVersionDate "2012.10.19"]
[SourceQuality "1"]
[WhiteTeam "New England"]
[BlackTeam "Carolina"]
[WhiteTeamCountry "USA"]
[BlackTeamCountry "USA"]

1. d4 Nf6 2. c4 e6 3. Nc3 Bb4 4. e3 0-0 5. Bd3 c5 6. Nf3 cxd4 7. exd4 d5 8. 0-0 dxc4 9. Bxc4 Nc6 10. a3 Be7 11. Re1 a6 12. Ba2 b5 13. d5 exd5 14. Nxd5 Nxd5 15. Bxd5 Bb7 16. Ne5 Rc8 17. Nd7 Bb4 18. Nxf8 Bxe1 19. Ne6 Bxf2+ 20. Kxf2 fxe6 21. Bxe6+ Kh8 22. Qxd8+ Rxd8 23. Bg5 Rf8+ 24. Kg1 h6 25. Bd2 Nd4 26. Re1 Nxe6 27. Rxe6 Rf7 28. Bc3 Kh7 29. h4 Bc8 30. Rc6 Bb7 31. Re6 Bc8 32. Rd6 Bb7 33. g4 Bc8 34. g5 hxg5 35. hxg5 Rf5 36. Bd2 Kg8 37. Rc6 Bb7 38. Rb6 Rd5 39. Bf4 Rd7 40. Kf2 Kf8 41. Be5 Ke8 42. Bc3 Bc8 43. Ke3 Rb7 44. Rc6 Re7+ 45. Kf4 Re4+ 46. Kxe4 Bb7 47. Kd5 Kd7 48. Bxg7 Bxc6+ 49. Kc5 Be4 50. Kb6 Bd3 51. Kxa6 b4+ 52. Kb6 bxa3 53. bxa3 Kc8 54. Be5 Bc2 55. Kc6 Ba4+ 56. Kd6 Kb7 1/2-1/2

[Event "USA tt"]
[Site "ICC INT"]
[Date "2012.09.12"]
[Round "2"]
[White "Simpson, Ronald"]
[Black "Harris, Ian"]
[Result "0-1"]
[WhiteElo "2267"]
[BlackElo "2099"]
[PlyCount "60"]
[EventDate "2012.09.04"]
[EventType "team-tourn"]
[EventRounds "10"]
[EventCountry "USA"]
[SourceTitle "CBM 150 Extra"]
[Source "ChessBase"]
[SourceDate "2012.10.19"]
[SourceVersion "1"]
[SourceVersionDate "2012.10.19"]
[SourceQuality "1"]
[WhiteTeam "Carolina"]
[BlackTeam "Connecticut"]
[WhiteTeamCountry "USA"]
[BlackTeamCountry "USA"]

1. Nf3 d5 2. g3 Nf6 3. Bg2 e6 4. 0-0 Be7 5. c4 0-0 6. d4 dxc4 7. Qc2 a6 8. a4 Bd7 9. Ne5 Bc6 10. Nxc6 Nxc6 11. Rd1 Nxd4 12. Qd2 Nb3 13. Qe1 Bb4 14. Nc3 Qe7 15. Rb1 Nxc1 16. Rdxc1 c6 17. Qd1 Rac8 18. Qd4 b5 19. Qb6 Bc5 20. Qxa6 Bxf2+ 21. Kxf2 Qc5+ 22. Ke1 Ng4 23. Nd1 Qg1+ 24. Bf1 Nxh2 25. Kd2 Nxf1+ 26. Kc2 Qd4 27. Qa5 Qe4+ 28. Kc3 Qxe2 29. Kb4 Qd2+ 30. Nc3 Qd6# 0-1

[Event "USA tt"]
[Site "ICC INT"]
[Date "2011.10.12"]
[Round "7"]
[White "Defibaugh, Jared E"]
[Black "Simpson, Ronald"]
[Result "1-0"]
[WhiteElo "2178"]
[BlackElo "2271"]
[PlyCount "83"]
[EventDate "2011.08.29"]
[EventType "team-tourn"]
[EventRounds "10"]
[EventCountry "USA"]
[SourceTitle "CBM 144 Extra"]
[Source "ChessBase"]
[SourceDate "2011.10.28"]
[SourceVersion "1"]
[SourceVersionDate "2011.10.28"]
[SourceQuality "1"]
[WhiteTeam "Baltimore"]
[BlackTeam "Carolina Cobras"]
[WhiteTeamCountry "USA"]
[BlackTeamCountry "USA"]

1. e4 c5 2. Nf3 d6 3. Bb5+ Bd7 4. Bxd7+ Qxd7 5. c4 g6 6. 0-0 Bg7 7. d4 cxd4 8. Nxd4 Nc6 9. Be3 Nf6 10. f3 0-0 11. Qd2 Rfc8 12. b3 b5 13. cxb5 Nxd4 14. Bxd4 Qxb5 15. Na3 Qh5 16. Qf2 d5 17. e5 Nd7 18. f4 Qf5 19. Rad1 Qe6 20. Nc2 Qa6 21. Ne3 e6 22. g4 f6 23. exf6 Bxf6 24. g5 Bxd4 25. Rxd4 Nc5 26. Ng4 Ne4 27. Rxe4 dxe4 28. Nh6+ Kf8 29. Qb2 Qd3 30. Qf6+ Ke8 31. Qxe6+ Kd8 32. Nf7+ Kc7 33. Ne5 Qd4+ 34. Kh1 Kb7 35. Nc4 Rxc4 36. bxc4 Rd8 37. Rb1+ Kc7 38. Qa6 Rb8 39. Qa5+ Kd7 40. Qa4+ Ke6 41. Rxb8 e3 42. Qc6+ 1-0

[Event "USA tt"]
[Site "ICC INT"]
[Date "2011.09.26"]
[Round "5"]
[White "Shen, Arthur"]
[Black "Simpson, Ronald"]
[Result "1/2-1/2"]
[WhiteElo "2194"]
[BlackElo "2271"]
[PlyCount "149"]
[EventDate "2011.08.29"]
[EventType "team-tourn"]
[EventRounds "10"]
[EventCountry "USA"]
[SourceTitle "CBM 144 Extra"]
[Source "ChessBase"]
[SourceDate "2011.10.28"]
[SourceVersion "1"]
[SourceVersionDate "2011.10.28"]
[SourceQuality "1"]
[WhiteTeam "New Jersey"]
[BlackTeam "Carolina Cobras"]
[WhiteTeamCountry "USA"]
[BlackTeamCountry "USA"]

1. e4 c5 2. Nf3 d6 3. d4 cxd4 4. Nxd4 Nf6 5. Nc3 g6 6. h3 Bg7 7. g4 Nc6 8. Nde2 Be6 9. Bg2 Bc4 10. Be3 Rc8 11. 0-0 0-0 12. Re1 Qa5 13. f4 Rfd8 14. a3 d5 15. e5 Ne4 16. Nxe4 dxe4 17. Qc1 Bxe2 18. Rxe2 g5 19. Bxe4 gxf4 20. Bxf4 Nd4 21. Rf2 Bxe5 22. Bxe5 Qxe5 23. Qe3 Kg7 24. Raf1 f6 25. c3 Nb3 26. Rf5 Qe6 27. Rh5 Kf8 28. Rxh7 Qb6 29. Qxb6 axb6 30. Bxb7 Rb8 31. Re1 Nc5 32. Bg2 e5 33. Rf1 Kg8 34. Ra7 Rd6 35. c4 Nd3 36. Bd5+ Kh8 37. Rf5 Nf4 38. Rf7 b5 39. b4 bxc4 40. Bxc4 Rc8 41. Bf1 Rc1 42. R7xf6 Rdd1 43. Rxf4 exf4 44. Rxf4 Rc3 45. a4 Rxh3 46. a5 Ra1 47. Kg2 Rb3 48. a6 Ra2+ 49. Kg1 Rb1 50. b5 Kg7 51. Rf2 Ra4 52. Kh2 Raa1 53. Kg2 Kh6 54. Bc4 Kg5 55. Be2 Rb2 56. Rf5+ Kg6 57. Kf2 Raa2 58. Re5 Kf6 59. Re4 Rxb5 60. Kf3 Rbb2 61. Re3 Rxe2 62. Rxe2 Rxa6 63. Kg3 Kg6 64. Kh4 Rb6 65. Rc2 Ra6 66. Rc5 Rb6 67. Rg5+ Kh6 68. Rh5+ Kg6 69. Rc5 Ra6 70. Rc4 Rb6 71. Kg3 Ra6 72. Kf4 Rf6+ 73. Ke5 Rf1 74. Re4 Kg5 75. Ke6 1/2-1/2

[Event "USA tt"]
[Site "ICC INT"]
[Date "2010.10.25"]
[Round "10"]
[White "Bonin, Jay R"]
[Black "Simpson, Ronald"]
[Result "1-0"]
[WhiteElo "2317"]
[BlackElo "2283"]
[PlyCount "77"]
[EventDate "2010.08.23"]
[EventType "team"]
[EventRounds "10"]
[EventCountry "USA"]
[SourceTitle "CBM 138 Extra"]
[Source "ChessBase"]
[SourceDate "2010.10.29"]
[SourceVersion "1"]
[SourceVersionDate "2010.10.29"]
[SourceQuality "1"]

1. d4 f5 2. Nc3 g6 3. e4 fxe4 4. Nxe4 Bg7 5. Nf3 Nf6 6. Bd3 Nc6 7. Nxf6+ exf6 8. 0-0 0-0 9. d5 Ne5 10. Nxe5 fxe5 11. d6 Kh8 12. Be4 c6 13. a4 b6 14. Qe2 Qf6 15. Rd1 a5 16. Ra3 Ba6 17. c4 Rab8 18. Rh3 Rf7 19. Be3 Bf8 20. b3 Kg8 21. Qg4 Qg7 22. f4 Re8 23. f5 gxf5 24. Bxf5 Qxg4 25. Bxg4 Rg7 26. Rg3 c5 27. Bxd7 Rxg3 28. hxg3 Rd8 29. Be6+ Kg7 30. d7 Be7 31. Rf1 Bf6 32. g4 Kg6 33. g5 Be7 34. Bf7+ Kg7 35. Be8 Kg8 36. Rf6 Bb7 37. Re6 Bf8 38. g6 h6 39. Bf2 1-0

[Event "USA tt"]
[Site "ICC INT"]
[Date "2010.09.27"]
[Round "6"]
[White "Simpson, Ronald"]
[Black "Sadorra, Julio Catalino"]
[Result "0-1"]
[WhiteElo "2283"]
[BlackElo "2463"]
[PlyCount "86"]
[EventDate "2010.08.23"]
[EventType "team"]
[EventRounds "10"]
[EventCountry "USA"]
[SourceTitle "CBM 138 Extra"]
[Source "ChessBase"]
[SourceDate "2010.10.29"]
[SourceVersion "1"]
[SourceVersionDate "2010.10.29"]
[SourceQuality "1"]

1. c4 e6 2. g3 d5 3. Bg2 Nf6 4. Nf3 c5 5. d4 Be7 6. 0-0 0-0 7. Qc2 Nc6 8. Rd1 Nb4 9. Qb3 dxc4 10. Qxc4 b5 11. Qxb5 Nc2 12. Nc3 Nxa1 13. dxc5 Qc7 14. b4 a5 15. Bf4 Qa7 16. Nd4 Bd7 17. c6 Bc8 18. c7 Bd7 19. Bc6 axb4 20. Na4 Qxa4 21. Qxa4 Rxa4 22. Bxd7 Nxd7 23. Nc6 Bf6 24. Rxd7 Rxa2 25. Bd6 Re8 26. Bxb4 Rc2 27. Be7 Bxe7 28. Rd8 Bxd8 29. c8Q Rf8 30. Qd7 Bf6 31. e4 Bc3 32. Qd6 Ra8 33. Qd7 Rf8 34. Qd6 g6 35. Qd3 Ra8 36. e5 Be1 37. Ne7+ Kf8 38. Qf3 Bxf2+ 39. Kf1 Rb8 40. Qf6 Rb1+ 41. Kg2 Bg1+ 42. Kh3 Rxh2+ 43. Kg4 h5+ 0-1

[Event "USA tt"]
[Site "ICC INT"]
[Date "2010.09.07"]
[Round "3"]
[White "Simpson, Ronald"]
[Black "Enkhbat, Tsendragchaa"]
[Result "0-1"]
[WhiteElo "2283"]
[BlackElo "2253"]
[PlyCount "76"]
[EventDate "2010.08.23"]
[EventType "team"]
[EventRounds "10"]
[EventCountry "USA"]
[SourceTitle "CBM 138 Extra"]
[Source "ChessBase"]
[SourceDate "2010.10.29"]
[SourceVersion "1"]
[SourceVersionDate "2010.10.29"]
[SourceQuality "1"]

1. e4 c6 2. d4 d5 3. exd5 cxd5 4. Nf3 Nc6 5. Bd3 Bg4 6. c3 Qc7 7. Qb3 Bxf3 8. gxf3 0-0-0 9. Na3 a6 10. Be3 Nf6 11. Qa4 e5 12. 0-0-0 Bxa3 13. Qxa3 Nxd4 14. Bxd4 exd4 15. Bf5+ Kb8 16. Rxd4 Rhe8 17. h4 Rd6 18. Rhd1 Re2 19. Kb1 Rxf2 20. c4 Rb6 21. cxd5 Rbxb2+ 22. Qxb2 Rxb2+ 23. Kxb2 Qe5 24. Bc2 Nxd5 25. Kb3 Ne3 26. R1d3 Qe6+ 27. Kb2 Nc4+ 28. Kc3 Ne5 29. Re3 Qc6+ 30. Kd2 Nxf3+ 31. Rxf3 Qxf3 32. a4 h6 33. Bd1 Qf2+ 34. Kd3 g5 35. hxg5 hxg5 36. Bb3 g4 37. Bd5 g3 38. Rg4 Qf5+ 0-1

[Event "USA tt"]
[Site "ICC INT"]
[Date "2010.08.30"]
[Round "2"]
[White "Vigorito, David"]
[Black "Simpson, Ronald"]
[Result "1-0"]
[WhiteElo "2411"]
[BlackElo "2283"]
[PlyCount "141"]
[EventDate "2010.08.23"]
[EventType "team"]
[EventRounds "10"]
[EventCountry "USA"]
[SourceTitle "CBM 138 Extra"]
[Source "ChessBase"]
[SourceDate "2010.10.29"]
[SourceVersion "1"]
[SourceVersionDate "2010.10.29"]
[SourceQuality "1"]

1. d4 f5 2. g3 Nf6 3. Bg2 e6 4. Nf3 d5 5. 0-0 Bd6 6. c4 c6 7. b3 Qe7 8. Ne5 0-0 9. Bb2 a5 10. c5 Bxe5 11. dxe5 Nfd7 12. Qc1 Na6 13. Nd2 Qxc5 14. Qxc5 Ndxc5 15. Rfc1 Nd7 16. Nf3 c5 17. h3 h6 18. g4 fxg4 19. hxg4 g5 20. Kh2 Nb4 21. Kg3 b6 22. Rh1 Kg7 23. Rh5 Ba6 24. a3 Nc6 25. Rah1 Rh8 26. e3 Bd3 27. Ne1 Bg6 28. R5h2 a4 29. bxa4 Rxa4 30. f4 gxf4+ 31. exf4 Nd4 32. Bf3 Rh7 33. Bd1 Ra7 34. Nf3 Nxf3 35. Bxf3 d4 36. Bc6 Rc7 37. Bb5 Be4 38. Re1 Bg6 39. Rf2 Nf8 40. f5 Bf7 41. Rc2 Ra7 42. a4 Kg8 43. f6 h5 44. g5 h4+ 45. Kh3 Bg6 46. Rf2 Rh5 47. Bc1 Kf7 48. Bd2 Ra8 49. Rc1 Bf5+ 50. Rxf5 exf5 51. Bc4+ Kg6 52. e6 Nxe6 53. Bxe6 Rxa4 54. Rf1 Ra3+ 55. Kh2 Rh8 56. Bxf5+ Kf7 57. Be4 Rg3 58. Ra1 Ke6 59. Ra7 Re8 60. Bc6 Rf8 61. Bf4 Rc3 62. Be4 Rxf6 63. gxf6 Kxf6 64. Rh7 Rb3 65. Rh6+ Ke7 66. Bg5+ Kd7 67. Bc6+ Kc8 68. Bf4 Rb2+ 69. Kh3 Rb3+ 70. Kxh4 Rb1 71. Rh8# 1-0

[Event "USA tt"]
[Site "ICC INT"]
[Date "2010.08.23"]
[Round "1"]
[White "Simpson, Ronald"]
[Black "Vovsha, Eli"]
[Result "0-1"]
[WhiteElo "2283"]
[BlackElo "2484"]
[PlyCount "125"]
[EventDate "2010.08.23"]
[EventType "team"]
[EventRounds "10"]
[EventCountry "USA"]
[SourceTitle "CBM 138 Extra"]
[Source "ChessBase"]
[SourceDate "2010.10.29"]
[SourceVersion "1"]
[SourceVersionDate "2010.10.29"]
[SourceQuality "1"]

1. d4 Nf6 2. Nf3 g6 3. c4 Bg7 4. Nc3 d5 5. cxd5 Nxd5 6. e4 Nxc3 7. bxc3 c5 8. Bb5+ Bd7 9. Be2 0-0 10. 0-0 Qa5 11. Be3 Qxc3 12. Rc1 Qa3 13. Rxc5 Na6 14. Bc1 Qxa2 15. Bc4 Qa1 16. Re5 e6 17. Qb3 Qa4 18. Qxa4 Bxa4 19. Ra5 Bc2 20. Re1 Rfc8 21. Bxa6 bxa6 22. Ba3 Bd3 23. Bc5 f6 24. g4 Bb5 25. g5 fxg5 26. Nxg5 e5 27. Ne6 Bh6 28. f4 exd4 29. Bxd4 Rc6 30. Ng5 Bf8 31. Ra2 Bb4 32. Rb1 a5 33. e5 Rf8 34. Be3 h6 35. Nf3 Rc3 36. Kf2 Bd3 37. Rbb2 Bc4 38. Ra4 g5 39. Bd4 Rd3 40. Be3 Bd5 41. Ke2 Rc3 42. Nd2 gxf4 43. Bxa7 Rh3 44. Nf1 Bb3 45. Ra1 Bc4+ 46. Kf2 Bc3 47. Ra3 Be1+ 48. Kxe1 Rxa3 49. Nd2 Bd5 50. Bc5 Ra1+ 51. Ke2 f3+ 52. Ke3 Re1+ 53. Kd4 Rf5 54. Bd6 Bf7 55. Rb8+ Kh7 56. Nxf3 Rxf3 57. Rb7 Kg6 58. Ra7 a4 59. Ra6 Kf5 60. Bb8 Be6 61. h4 Rd1+ 62. Kc5 Rc3+ 63. Kb6 0-1

[Event "North Carolina Inv"]
[Site "Durham"]
[Date "2010.04.24"]
[Round "3"]
[White "Timmel, John D"]
[Black "Simpson, Ronald"]
[Result "0-1"]
[WhiteElo "2033"]
[BlackElo "2315"]
[PlyCount "80"]
[EventDate "2010.04.23"]
[EventType "tourn"]
[EventRounds "5"]
[EventCountry "USA"]
[SourceTitle "EXT 2014"]
[Source "ChessBase"]
[SourceDate "2013.11.20"]
[SourceVersion "1"]
[SourceVersionDate "2013.11.20"]
[SourceQuality "1"]

1. d4 f5 2. Nc3 d5 3. Nf3 Nf6 4. e3 e6 5. Bd3 c6 6. 0-0 Bd6 7. Ne5 0-0 8. f4 Nbd7 9. b3 Qe7 10. a4 Ne4 11. Nxe4 fxe4 12. Nxd7 Bxd7 13. Be2 g5 14. g3 gxf4 15. exf4 Rf7 16. Be3 Kh8 17. Rf2 Rg8 18. c3 Qh4 19. Rg2 Qf6 20. c4 h6 21. c5 Bc7 22. b4 Rfg7 23. Ra2 Be8 24. Bh5 Bg6 25. Bxg6 Qxg6 26. Kh1 Qf5 27. Kg1 h5 28. Qe1 h4 29. gxh4 Bxf4 30. Bxf4 Qxf4 31. Rxg7 Rxg7+ 32. Rg2 Rxg2+ 33. Kxg2 Qf3+ 34. Kg1 e3 35. Qg3 Qd1+ 36. Kg2 Qxd4 37. Qb8+ Kg7 38. Qxb7+ Kf6 39. Qh7 Qg4+ 40. Kh1 Qf3+ 0-1

[Event "US Masters op"]
[Site "Hendersonville"]
[Date "2010.03.20"]
[Round "6"]
[White "Pupols, Viktors"]
[Black "Simpson, Ronald"]
[Result "1-0"]
[WhiteElo "2197"]
[BlackElo "2315"]
[PlyCount "165"]
[EventDate "2010.03.13"]
[EventType "swiss"]
[EventRounds "9"]
[EventCountry "USA"]
[SourceTitle "EXT 2014"]
[Source "ChessBase"]
[SourceDate "2013.11.20"]
[SourceVersion "1"]
[SourceVersionDate "2013.11.20"]
[SourceQuality "1"]

1. d4 Nf6 2. c4 g6 3. Nc3 Bg7 4. e4 d6 5. Nf3 0-0 6. Be2 e5 7. 0-0 Nc6 8. d5 Ne7 9. Ne1 Ne8 10. f3 f5 11. g4 Qd7 12. Nd3 Nf6 13. h3 Rf7 14. Be3 fxg4 15. fxg4 h5 16. Nf2 hxg4 17. hxg4 g5 18. Bxg5 Ng6 19. Qd2 Qe8 20. Nd3 Bxg4 21. Bxg4 Nxg4 22. Qg2 Nf6 23. Rf5 Qe7 24. Raf1 Raf8 25. R1f2 Qe8 26. Qf1 Nh5 27. Rxf7 Rxf7 28. Rxf7 Qxf7 29. Qxf7+ Kxf7 30. Nb5 Bf6 31. Be3 Ng3 32. Nf2 Bd8 33. Nxa7 Nh4 34. Nb5 Ke8 35. Nc3 Kd7 36. Nfd1 Ng6 37. Kf2 Nh5 38. Kf3 Nhf4 39. Kg4 Ng2 40. Bf2 N2f4 41. Kf3 Nh4+ 42. Kg4 Nhg6 43. b3 Be7 44. Be3 Bd8 45. Nf2 Be7 46. Nh3 Nxh3 47. Kxh3 Bh4 48. Kg4 Be1 49. Ne2 Ne7 50. Nc1 c6 51. Nd3 Ba5 52. Bg5 cxd5 53. exd5 Bb6 54. Bxe7 Kxe7 55. Kf5 Bd4 56. Ke4 b6 57. Nb4 Kd7 58. Nc2 Bf2 59. Ne3 Be1 60. Ng4 Bc3 61. Kf5 Ke7 62. Nf2 Bd2 63. Ne4 Be3 64. Kg4 Bd4 65. Kf3 Bg1 66. Ke2 Kd7 67. Kd3 Kc7 68. b4 Bd4 69. Kc2 Bg1 70. Kb3 Bd4 71. Ka4 Be3 72. Kb5 Bd4 73. a4 Bg1 74. a5 bxa5 75. Kxa5 Bd4 76. Kb5 Kd7 77. c5 dxc5 78. bxc5 Bb2 79. c6+ Kc8 80. d6 Bd4 81. Kc4 Bb2 82. Kd5 Ba1 83. Ng5 1-0

[Event "USA tt"]
[Site "ICC INT"]
[Date "2009.10.05"]
[Round "6"]
[White "Simpson, Ronald"]
[Black "Corke, Anya Sun"]
[Result "0-1"]
[WhiteElo "2304"]
[BlackElo "2289"]
[PlyCount "86"]
[EventDate "2009.08.31"]
[EventType "team (rapid)"]
[EventRounds "10"]
[EventCountry "USA"]
[SourceTitle "CBM 132 Extra"]
[Source "ChessBase"]
[SourceDate "2009.11.03"]
[SourceVersion "1"]
[SourceVersionDate "2009.11.03"]
[SourceQuality "1"]

1. e4 e6 2. Nf3 c5 3. d4 cxd4 4. Nxd4 a6 5. Bd3 Bc5 6. Nb3 Ba7 7. Qe2 d6 8. Nc3 Nc6 9. Be3 Nge7 10. a4 0-0 11. 0-0 Bd7 12. Rfd1 Qc7 13. Kh1 Bxe3 14. Qxe3 Rad8 15. f4 Nb4 16. Nd4 Qc5 17. e5 Nxd3 18. Rxd3 dxe5 19. fxe5 Ng6 20. Rad1 Qxe5 21. Qf3 Qc7 22. Ne4 Bc8 23. Qf2 e5 24. Nb3 Bg4 25. Rxd8 Rxd8 26. Rxd8+ Qxd8 27. h3 Be6 28. Nbc5 Bc8 29. Nd3 f5 30. Nc3 Qd6 31. Qa7 e4 32. Qa8 Ne7 33. Nc1 f4 34. Qa7 Qd2 35. Qg1 Qxc2 36. N1e2 f3 37. Ng3 Qxb2 38. Ncxe4 Qxg2+ 39. Qxg2 fxg2+ 40. Kxg2 b6 41. Nd6 Bd7 42. Nc4 Nd5 43. Nb2 Nc3 0-1

[Event "USA tt"]
[Site "ICC INT"]
[Date "2008.10.22"]
[Round "9"]
[White "Katz, Benjamin"]
[Black "Simpson, Ronald"]
[Result "0-1"]
[WhiteElo "2102"]
[BlackElo "2300"]
[PlyCount "98"]
[EventDate "2008.10.22"]
[EventType "team"]
[EventRounds "10"]
[EventCountry "USA"]
[SourceTitle "CBM 126 Extra"]
[Source "ChessBase"]
[SourceDate "2008.11.05"]
[SourceVersion "1"]
[SourceVersionDate "2008.11.05"]
[SourceQuality "1"]

1. e4 e5 2. Nf3 Nc6 3. Bb5 a6 4. Ba4 Bc5 5. 0-0 b5 6. Bb3 Nf6 7. c3 0-0 8. d4 Bb6 9. Nxe5 Nxe5 10. dxe5 Nxe4 11. Bd5 Nxf2 12. Rxf2 c6 13. Bb3 Bxf2+ 14. Kxf2 Qh4+ 15. Kg1 Qe4 16. Nd2 Qxe5 17. Nf3 Qc5+ 18. Qd4 d6 19. Bf4 Qxd4+ 20. cxd4 Rd8 21. Re1 Bf5 22. Nh4 Bd3 23. Re3 Bc4 24. Bxc4 bxc4 25. Nf5 d5 26. Ne7+ Kh8 27. Nxc6 Rd7 28. Re7 Rxe7 29. Nxe7 Rd8 30. Bd2 Rd6 31. Bb4 Rd7 32. Kf2 g6 33. Ke3 Kg7 34. Bc5 Kf6 35. Nc8 Ke6 36. Nb6 Rd8 37. Na4 Re8 38. Nb6 g5 39. Kf3 h5 40. Kg3 f5 41. Kf3 f4 42. h4 Rg8 43. hxg5 Rxg5 44. Bb4 Rg3+ 45. Kf2 h4 46. a4 Rb3 47. Nxd5 Rxb2+ 48. Kf3 Kxd5 49. Be1 c3 0-1

[Event "USA tt"]
[Site "ICC INT"]
[Date "2008.10.01"]
[Round "6"]
[White "Simpson, Ronald"]
[Black "Thaler, Michael"]
[Result "1-0"]
[WhiteElo "2300"]
[BlackElo "2149"]
[PlyCount "85"]
[EventDate "2008.10.22"]
[EventType "team"]
[EventRounds "10"]
[EventCountry "USA"]
[SourceTitle "CBM 126 Extra"]
[Source "ChessBase"]
[SourceDate "2008.11.05"]
[SourceVersion "1"]
[SourceVersionDate "2008.11.05"]
[SourceQuality "1"]

1. e4 c5 2. c4 e6 3. Nc3 Nc6 4. g3 Nge7 5. Bg2 g6 6. Nge2 Bg7 7. 0-0 0-0 8. d3 d6 9. Bg5 h6 10. Be3 Nd4 11. Qd2 Kh7 12. Bxd4 cxd4 13. Nb5 Nc6 14. b4 a6 15. Na3 a5 16. b5 Nb8 17. Qb2 e5 18. f4 Nd7 19. Nc2 Nc5 20. Qa3 Qc7 21. f5 Bd7 22. Rf2 Bf6 23. Raf1 Kg7 24. g4 Bg5 25. Ng3 Bf4 26. Rf3 Bxg3 27. Rxg3 g5 28. h4 f6 29. Rh3 Be8 30. Rf2 Bf7 31. Bf1 Rh8 32. Rfh2 Rag8 33. Be2 Nd7 34. Kg2 b6 35. Qc1 Qb7 36. Ne1 Rc8 37. Nf3 Bxc4 38. Qh1 Bxb5 39. hxg5 Rc2 40. Kg3 Nf8 41. Rxh6 Rxh6 42. Rxh6 Rxe2 43. gxf6+ 1-0